| 000 | 01109cam a2200289 i 4500 | ||
|---|---|---|---|
| 999 |
_c446951 _d446951 |
||
| 001 | 19145417 | ||
| 005 | 20190327111919.0 | ||
| 008 | 160621s2017 enka b 001 0 eng | ||
| 010 | _a 2016021350 | ||
| 020 | _a9781138926547 (hardback) | ||
| 020 | _z9781315679082 (ebook) | ||
| 040 |
_aDLC _beng _cDLC _erda _dDLC |
||
| 042 | _apcc | ||
| 043 | _aas----- | ||
| 050 | 0 | 0 |
_aDS341 _b.W43 2017 |
| 082 | 0 | 0 | _aB259x54 W381 |
| 100 | 1 |
_aWebb, Matthew J., _eauthor. _93802 |
|
| 245 | 1 | 0 |
_aSeparatist violence in South Asia : _ba comparative study / _cMatthew J. Webb. |
| 300 |
_aviii, 141 pages : _billustration ; _c24 cm. |
||
| 490 | 0 |
_aRoutledge studies in South Asian politics ; _v8 |
|
| 504 | _aIncludes bibliographical references (pages 125-138) and index. | ||
| 650 | 0 |
_aPolitical violence _zSouth Asia. _93803 |
|
| 650 | 0 |
_aNation building _zSouth Asia. _93804 |
|
| 651 | 0 |
_aSouth Asia _xHistory _xAutonomy and independence movements. _93805 |
|
| 906 |
_a7 _bcbc _corignew _d1 _eecip _f20 _gy-gencatlg |
||